000 01490nam a2200373Ia 4500
001 ebr10594826
003 CaPaEBR
006 m u
007 cr cn|||||||||
008 020917s2003 nyu sb 001 0 eng d
010 _z 2002030975
020 _z0791456056 (alk. paper)
020 _z0791456064 (pbk. : alk. paper)
020 _z9780791456057
020 _z9780791487464
040 _aCaPaEBR
_cCaPaEBR
035 _a(OCoLC)61367625
050 1 4 _aDS126.5
_b.G694 2003eb
082 0 4 _a956.05/3
_221
100 1 _aGrosbard, Ofer,
_d1954-
245 1 0 _aIsrael on the couch
_h[electronic resource] :
_bthe psychology of the peace process /
_cOfer Grosbard ; with a foreword by Vamik D. Volcan.
260 _aAlbany :
_bState University of New York Press,
_cc2003.
300 _axvii, 195 p.
490 0 _aSUNY series in Israeli studies
504 _aIncludes bibliographical references and index.
533 _aElectronic reproduction.
_bPalo Alto, Calif. :
_cebrary,
_d2011.
_nAvailable via World Wide Web.
_nAccess may be limited to ebrary affiliated libraries.
650 0 _aArab-Israeli conflict
_xPsychological aspects.
650 0 _aPeace
_xPsychological aspects.
650 0 _aPolitical psychology.
650 0 _aNational characteristics, Israeli.
655 7 _aElectronic books.
_2local
710 2 _aebrary, Inc.
856 4 0 _uhttp://site.ebrary.com/lib/rucke/Doc?id=10594826
_zAn electronic book accessible through the World Wide Web; click to view
999 _c112306
_d112306